Generation VII Pokemon (Alola) - Statistics

General Stats
  • This quiz has been taken 145 times
  • The average score is 70 of 88
Answer Stats
# Hint Answer % Correct
#792 Psychic/Ghost Lunala
97%
#791 Psychic/Steel Solgaleo
97%
#725 Fire Litten
96%
#727 Fire/Dark Incineroar
95%
#722 Grass/Flying Rowlet
94%
#726 Fire Torracat
94%
#737 Bug/Electric Charjabug
92%
#728 Water Popplio
92%
#730 Water/Fairy Primarina
92%
#733 Normal/Flying Toucannon
92%
#724 Grass/Ghost Decidueye
91%
#785 Electric/Fairy Tapu Koko
90%
#794 Bug/Fighting Buzzwole
88%
#740 Fighting/Ice Crabominable
88%
#758 Poison/Fire Salazzle
88%
#786 Psychic/Fairy Tapu Lele
88%
#729 Water Brionne
87%
#789 Psychic Cosmog
87%
#723 Grass/Flying Dartrix
87%
#778 Ghost/Fairy Mimikyu
87%
#741 Varies/Flying Oricorio
87%
#787 Grass/Fairy Tapu Bulu
87%
#790 Psychic Cosmoem
86%
#788 Water/Fairy Tapu Fini
86%
#738 Bug/Electric Vikavolt
86%
#731 Normal/Flying Pikipek
84%
#757 Poison/Fire Salandit
84%
#736 Bug Grubbin
83%
#799 Dark/Dragon Guzzlord
83%
#802 Fighting/Ghost Marshadow
83%
#793 Rock/Poison Nihilego
83%
#777 Electric/Steel Togedemaru
83%
#752 Water/Bug Araquanid
82%
#809 Steel Melmetal
82%
#808 Steel Meltan
82%
#803 Poison Poipole
82%
#776 Fire/Dragon Turtonator
82%
#796 Electric Xurkitree
82%
#745 Rock Lycanroc
81%
#744 Rock Rockruff
81%
#735 Normal Gumshoos
79%
#782 Dragon Jangmo-o
79%
#800 Psychic Necrozma
79%
#732 Normal/Flying Trumbeak
79%
#734 Normal Yungoos
79%
#797 Steel/Flying Celesteela
78%
#742 Bug/Fairy Cutiefly
78%
#780 Normal/Dragon Drampa
78%
#798 Grass/Steel Kartana
78%
#784 Dragon/Fighting Kommo-o
78%
#750 Ground Mudsdale
78%
#795 Bug/Fighting Pheromosa
78%
#739 Fighting Crabrawler
77%
#751 Water/Bug Dewpider
77%
#768 Bug/Water Golisopod
77%
#804 Poison/Dragon Naganadel
77%
#743 Bug/Fairy Ribombee
77%
#805 Rock/Steel Stakataka
77%
#746 Water Wishiwashi
77%
#806 Fire/Ghost Blacephalon
75%
#783 Dragon/Fighting Hakamo-o
75%
#801 Steel/Fairy Magearna
75%
#749 Ground Mudbray
75%
#763 Grass Tsareena
75%
#760 Normal/Fighting Bewear
74%
#765 Normal/Psychic Oranguru
74%
#767 Bug/Water Wimpod
74%
#807 Electric Zeraora
74%
#770 Ghost/Ground Palossand
73%
#748 Poison/Water Toxapex
73%
#761 Grass Bounsweet
71%
#779 Water/Psychic Bruxish
71%
#781 Ghost/Grass Dhelmise
71%
#766 Fighting Passimian
71%
#769 Ghost/Ground Sandygast
71%
#747 Poison/Water Mareanie
70%
#759 Normal/Fighting Stufful
70%
#762 Grass Steenee
69%
#753 Grass Fomantis
66%
#754 Grass Lurantis
66%
#772 Normal Type: Null
64%
#764 Fairy Comfey
62%
#756 Grass/Fairy Shiinotic
62%
#773 Normal Silvally
62%
#774 Rock/Flying Minior
61%
#755 Grass/Fairy Morelull
60%
#771 Water Pyukumuku
53%
#775 Normal Komala
52%
No matching quizzes found
Score Distribution
Percent of People with Each Score
Percentile by Number Answered
Your Score History
You have not taken this quiz